000 00305nam a22001337a 4500
008 171006b xxu||||| |||| 00| 0 eng d
020 _a0875722629
041 _aeng
080 _a159.9
100 _a49
101 _aPSI
245 _aSTASCTICAL METHODS FOR PSYCHOLOGY
_cHOWELL.D.C
942 _2udc
_cBK
999 _c32155
_d32155